000 00491nam a2200181Ia 4500
008 240925s9999 xx 000 0 und d
020 _aNA
082 _a004.6 BAR
100 _aNot - Available
245 0 _aData Communications Networks and Systems
250 _aNA
260 _aNew Delhi:
_bBPB Publication
_c,1995.
300 _a359p.
_bNA
_fPirated
500 _aIncludes Index
600 _aComputer Science
650 _aComputer science, information & general works
942 _cBK
999 _c3387
_d3387